[Event "Washington International 2012"]
[Site "Rockville USA"]
[Date "2012.07.29"]
[Round "4"]
[White "Foisor,S"]
[Black "Gelashvili,T"]
[Result "0-1"]
[WhiteElo "2356"]
[BlackElo "2604"]

1.d4 Nf6 2.c4 Nc6 3.Nf3 e6 4.a3 d6 5.Nc3 g6 6.e4 Bg7 7.Be2 O-O 8.O-O Re8
9.h3 e5 10.d5 Nd4 11.Be3 Nxe2+ 12.Qxe2 Nh5 13.c5 f5 14.cxd6 cxd6 15.exf5 gxf5
16.Ng5 Nf6 17.Qc2 h6 18.Nf3 a6 19.Rad1 Bd7 20.Qb3 b5 21.Ne1 f4 22.Bc1 Kh8
23.Qc2 Rg8 24.Nf3 Qe8 25.Nh4 Bf8 26.Kh2 Qh5 27.g3 Be7 28.Qe2 Ng4+ 29.hxg4 Bxg4
30.f3 Bxh4 31.fxg4 Rxg4 32.Rh1 Bxg3+ 33.Kg2 Be1+ 34.Qxg4 Qxg4+ 35.Kf1 Qf3+
36.Kxe1 Qxh1+  0-1

[Event "PAB Romania Open 2012"]
[Site "Arad ROU"]
[Date "2012.07.31"]
[Round "6.26"]
[White "Deac,Bogdan-Daniel"]
[Black "Frink,F"]
[Result "0-1"]
[WhiteElo "1950"]
[BlackElo "2197"]

1.d4 Nf6 2.c4 Nc6 3.Nf3 e6 4.Nc3 d6 5.e4 e5 6.d5 Ne7 7.g3 Ng6 8.Bg2 Be7 9.O-O O-O
10.Ne1 Ne8 11.Nd3 f5 12.exf5 Bxf5 13.Ne4 Nf6 14.Ng5 Qd7 15.f4 exf4 16.Nxf4 Nxf4
17.Bxf4 Rae8 18.Qd2 h6 19.Nf3 Ne4 20.Qb4 Bh3 21.Rae1 Bf6 22.Be3 a5 23.Qb3 Qg4
24.Bxh3 Qxh3 25.Qc2 a4 26.b3 a3 27.Qg2 Qg4 28.Bc1 Bc3 29.Re2 Bb4 30.Kh1 Bc5
31.Nh4 Rxf1+ 32.Qxf1 Rf8  0-1

[Event "PAB Romania Open 2012"]
[Site "Arad ROU"]
[Date "2012.08.01"]
[Round "8.32"]
[White "Brosman,A"]
[Black "Frink,F"]
[Result "0-1"]
[WhiteElo "1929"]
[BlackElo "2197"]

1.d4 Nf6 2.c4 Nc6 3.Nf3 e6 4.g3 d6 5.Bg2 Ne7 6.O-O Ng6 7.b3 Be7 8.Bb2 O-O
9.Nbd2 c5 10.e4 cxd4 11.Nxd4 Bd7 12.Qe2 Qb6 13.Kh1 Rfe8 14.Nc2 Bc6 15.Rab1 d5
16.Nd4 Rad8 17.e5 Nd7 18.f4 Bc5 19.Nc2 d4 20.Ne1 Bxg2+ 21.Qxg2 f6 22.exf6 Nxf6
23.h3 Bb4 24.Ne4 Qc6 25.Nxf6+ gxf6 26.Qxc6 bxc6 27.Nd3 Bf8 28.Rbe1 e5 29.f5 Nh8
30.Re4 Nf7 31.c5 Ng5 32.Rg4 Kh8 33.b4 Nxh3 34.Re1 Ng5 35.Kg2 Bg7 36.Bc1 Nf7
37.Rge4 Bh6 38.Bxh6 Nxh6 39.g4 Nf7 40.R4e2 Ng5 41.Nf4 d3 42.Nh5 dxe2 43.Nxf6 Rf8
44.Nh5 Rd2 45.Ng3 e4  0-1

[Event "Politiken Cup 2012"]
[Site "Helsingor DEN"]
[Date "2012.08.01"]
[Round "6.46"]
[White "Skou,N"]
[Black "Vesterli,M"]
[Result "0-1"]
[WhiteElo "2150"]
[BlackElo "2029"]

1.d4 Nf6 2.c4 Nc6 3.Bg5 e6 4.Nf3 Bb4+ 5.Nc3 d6 6.e3 Qe7 7.Qc2 O-O 8.Bd3 h6
9.Bxf6 Qxf6 10.O-O Bxc3 11.Qxc3 Re8 12.b4 e5 13.b5 e4 14.Bxe4 Rxe4 15.bxc6 Rg4
16.Ne1 bxc6 17.f3 Rg6 18.Nd3 c5 19.Nf4 cxd4 20.Qxd4 Qxd4 21.exd4 Rg5 22.Nd5 Bh3
23.Rf2 Kf8 24.Re1 c6 25.Nc3 Bf5 26.Rb2 Bd3 27.Ne4 Re8 28.Rb7 d5 29.Rxf7+ Kg8
30.Nf6+ gxf6  0-1

[Event "CECLUB Div1 Final Permanencia 2012"]
[Site "Don Benito ESP"]
[Date "2012.08.04"]
[Round "1.2"]
[White "Jimenez Martinez,Jo"]
[Black "Llaneza Vega,M"]
[Result "0-1"]
[WhiteElo "2285"]
[BlackElo "2424"]

1.d4 Nf6 2.c4 Nc6 3.Nc3 e5 4.d5 Ne7 5.e4 Ng6 6.Be3 Bb4 7.f3 Bxc3+ 8.bxc3 d6
9.Bd3 O-O 10.Qd2 Nd7 11.Ne2 Nc5 12.O-O b6 13.g4 Re8 14.Bc2 Bd7 15.Nc1 a5
16.Nd3 Nb7 17.a4 Nc5 18.Rfb1 Qf6 19.Rf1 Qe7 20.Bg5 Qf8 21.Rfb1 Nb7 22.Qf2 h6
23.Be3 Qe7 24.Kh1 Nc5 25.Rg1 Nxd3 26.Bxd3 Nf4 27.Bxf4 exf4 28.Qd4 Qh4 29.Rg2 Re5
30.Qf2 Qxf2 31.Rxf2 h5 32.h3 Kh7 33.Rh2 Kg6 34.Bc2 Kf6 35.Kg2 Rh8 36.Rb1 Ree8
37.Rbh1 Ke5 38.Kf2 Rh7 39.Kg1 Reh8 40.g5 h4 41.Rg2 Rh5 42.Kh2 f6 43.gxf6 Kxf6
44.Rhg1 g5 45.Rb1 Rb8 46.Rd2 Rhh8 47.Rbd1 Rhe8 48.Bb3 Re5 49.Rd4 Ke7 50.R4d2 Rc8
51.Rc1 Kf6 52.Rb2 Re7 53.Bd1 Ke5 54.Kg2 Rb8 55.Rcb1 Ree8 56.Rd2 Rec8 57.Rdb2 Be8
58.Kh2 c6 59.Rd2 Bf7 60.Bb3 b5 61.Rdb2 bxc4 62.Bxc4 Rxb2+ 63.Rxb2 cxd5 64.Bxd5 Bxd5
65.exd5 Rxc3 66.Rg2 Kf5 67.Re2 Rd3 68.Re7 Rxd5 69.Re8 Re5 70.Ra8 Ke6 71.Kg2 Kd7
72.Kf2 Kc6 73.Ra6+ Kc7 74.Kg2 Rd5 75.Ra8 Kb7 76.Rg8 Re5 77.Kf2 Kb6 78.Rc8 Kb7
79.Rg8 d5 80.Rg6 Kc7 81.Ra6 d4 82.Ra7+ Kb6 83.Ra8 d3 84.Rd8 Re2+ 85.Kf1 Re3
86.Kf2 Kc5 87.Rg8 Kd4  0-1

[Event "Politiken Cup 2012"]
[Site "Helsingor DEN"]
[Date "2012.08.05"]
[Round "10.2"]
[White "Brynell,S"]
[Black "Klings,P"]
[Result "1-0"]
[WhiteElo "2498"]
[BlackElo "2178"]

1.d4 Nf6 2.c4 Nc6 3.Nf3 e6 4.Nc3 Bb4 5.Qc2 d6 6.Bd2 O-O 7.a3 Bxc3 8.Bxc3 a5
9.b3 Qe7 10.e3 e5 11.d5 Nb8 12.Nd2 c6 13.dxc6 Nxc6 14.Bd3 h6 15.O-O Be6 16.Qb2 Nd7
17.Rad1 Rfd8 18.Ne4 Nb6 19.a4 f6 20.Ng3 d5 21.cxd5 Nxd5 22.Bc4 Kh8 23.Ne4 Rac8
24.h3 Ncb4 25.Bd2 b6 26.Ng3 Nc6 27.e4 Nc7 28.Nf5 Qf8 29.Be3 Rb8 30.Qe2 Bxf5
31.exf5 Nd4 32.Qg4 b5 33.axb5 Ncxb5 34.Ra1 Ra8 35.Rfc1 Rd6 36.Bxb5 Nxb5 37.Bc5 Qd8
38.Bxd6 Qxd6 39.Rxa5  1-0

[Event "16th HZ Open"]
[Site "Vlissingen NED"]
[Date "2012.08.05"]
[Round "3"]
[White "Lacrosse,M"]
[Black "Kok,I"]
[Result "1/2-1/2"]
[WhiteElo "2197"]
[BlackElo "1989"]

1.d4 Nf6 2.c4 Nc6 3.Nf3 e6 4.a3 d6 5.Nc3 e5 6.d5 Ne7 7.e4 g6 8.c5 Bg7 9.cxd6 cxd6
10.Be2 O-O 11.O-O Ne8 12.Ne1 f5 13.Nd3 Nf6 14.f3 f4 15.Bd2 g5 16.Rc1 a6 17.Nf2 h5
18.h3 Ng6 19.Qb3 Kh7 20.Na4 b5 21.Nc3 Rb8 22.Na2 Bd7 23.Nb4 Qb6 24.Nc6 Rbc8
25.a4 Bxc6 26.Rxc6 Rxc6 27.dxc6 Qxc6 28.axb5 axb5 29.Rc1 Qb6  1/2-1/2

[Event "2nd Split Open 2012"]
[Site "Split CRO"]
[Date "2012.08.11"]
[Round "1.5"]
[White "Jovanic,O"]
[Black "Messina,R"]
[Result "1-0"]
[WhiteElo "2508"]
[BlackElo "1992"]

1.d4 Nf6 2.c4 Nc6 3.Nf3 e6 4.a3 d6 5.Nc3 Qe7 6.e4 e5 7.d5 Nb8 8.h3 g6 9.Bg5 Bg7
10.Qd2 Nbd7 11.Bd3 h6 12.Be3 a6 13.b4 g5 14.g3 Nf8 15.h4 gxh4 16.Nxh4 Ng4
17.Nd1 f5 18.Rc1 fxe4 19.Bxe4 Nxe3 20.Nxe3 Qg5 21.c5 h5 22.cxd6 cxd6 23.Bf5 Nd7
24.Be6 Nb6 25.Nhf5 Bxe6 26.dxe6 O-O 27.Nxg7 Qxg7 28.Rxh5 Qg6 29.Qd1 Rac8
30.Rxc8 Nxc8 31.Rh4 Qxe6 32.Qh5 Rf6 33.Qh8+ Kf7 34.Rh7+  1-0

[Event "II Brazil Maringa Open"]
[Site "Maringa BRA"]
[Date "2012.08.12"]
[Round "8.12"]
[White "Aranha Filho,A"]
[Black "Yano,W"]
[Result "1-0"]
[WhiteElo "2292"]
[BlackElo "2124"]

1.d4 Nf6 2.c4 Nc6 3.Nf3 e6 4.g3 Ne7 5.Bg2 Ng6 6.O-O c5 7.Nc3 a6 8.e4 cxd4
9.Nxd4 Bb4 10.Qb3 Bxc3 11.Qxc3 O-O 12.f4 d6 13.b3 Re8 14.Nc2 Qc7 15.Bb2 Bd7
16.Ne3 h5 17.Kh1 Bc6 18.Nd5 exd5 19.cxd5 Rac8 20.dxc6 Qxc6 21.Qxc6 bxc6 22.Bxf6 gxf6
23.Rfd1 d5 24.exd5 cxd5 25.Bxd5 Re2 26.Bc4 Rb2 27.Rd6 h4 28.Rxf6 Kg7 29.Rxf7+ Kh6
30.g4 Rd8 31.h3 Nh8 32.Rf6+ Kg7 33.Rxa6 Rdd2 34.Bf1 Ng6 35.Rc1 Rxa2 36.Rc7+ Kh8
37.Rb6 Rd8 38.f5 Ne5 39.Rh6+ Kg8 40.f6 Nf7 41.Rg6+ Kf8 42.Rg7 Ne5 43.Rh7 Ng6
44.Rcf7+ Ke8 45.Bb5+  1-0

[Event "2nd Riga Tech Open"]
[Site "Riga LAT"]
[Date "2012.08.12"]
[Round "9.2"]
[White "Fier,A"]
[Black "Kulaots,K"]
[Result "1-0"]
[WhiteElo "2582"]
[BlackElo "2558"]

1.d4 Nf6 2.c4 Nc6 3.Nf3 e6 4.g3 d5 5.Bg2 dxc4 6.O-O Rb8 7.Bg5 Be7 8.e3 b5
9.Qe2 O-O 10.b3 h6 11.Bxf6 Bxf6 12.Rd1 cxb3 13.axb3 a6 14.Nc3 Bb7 15.Ne4 Be7
16.Rdc1 Nb4 17.Nc5 Bxc5 18.Rxc5 Qd6 19.Rac1 Bd5 20.Ne5 Bxg2 21.Kxg2 Rfc8
22.Qf3 Qe7 23.Ra1 Rb6 24.e4 f6 25.Ng6 Qf7 26.Nf4 Qd7 27.Qc3 Nc6 28.d5 Nd8
29.Rc1 exd5 30.exd5 Rd6 31.h4 c6 32.h5 Qf7 33.Qf3 Rc7 34.Ng6 Rcd7 35.dxc6 Rc7
36.Rd1 Rxd1 37.Qxd1 Qe8 38.Qd6 Qe4+ 39.Kh2 Ne6 40.Re5 fxe5 41.Qxe6+ Kh7 42.Qe8  1-0

[Event "2nd Split Open 2012"]
[Site "Split CRO"]
[Date "2012.08.17"]
[Round "7.25"]
[White "Dragomirescu,An"]
[Black "Messina,R"]
[Result "1-0"]
[WhiteElo "2242"]
[BlackElo "1992"]

1.d4 Nf6 2.c4 Nc6 3.Nf3 e6 4.g3 Bb4+ 5.Bd2 a5 6.Nc3 Bxc3 7.Bxc3 Ne4 8.Rc1 d5
9.Qd3 O-O 10.Bg2 Nb4 11.Qb1 Qe7 12.O-O Rd8 13.Rfd1 f6 14.Be1 Nc6 15.b3 Bd7
16.Qb2 Be8 17.a3 Bf7 18.Nd2 Nxd2 19.Rxd2 e5 20.dxe5 dxc4 21.exf6 Rxd2 22.Bxd2 Qxe2
23.Re1 Qd3 24.Be4 Qxb3 25.Qc1 Nd4 26.Bc3 Ne6 27.fxg7 Rd8 28.Bf6 Rd6 29.Qh6 Bg6
30.Bxg6  1-0

[Event "12th ch-Euro Seniors"]
[Site "Kaunas LTU"]
[Date "2012.08.20"]
[Round "3.8"]
[White "Hecht,HJ"]
[Black "Romcovici,V"]
[Result "1/2-1/2"]
[WhiteElo "2357"]
[BlackElo "2146"]

1.d4 Nf6 2.c4 Nc6 3.Nf3 e6 4.a3 Ne7 5.Nc3 d5 6.e3 c6 7.Bd3 g6 8.O-O Bg7 9.b4 O-O
10.Bb2 b6 11.Qe2 Bb7 12.Rfd1 Nf5 13.a4 Nd6 14.Ne5 dxc4 15.Nxc4 Nd5 16.Nxd6 Nxc3
17.Bxc3 Qxd6 18.Be4 Qe7 19.Qb2 Rfd8 20.h3 Rd7 21.a5 Rad8 22.axb6  1/2-1/2

[Event "EY Girls U16 2012"]
[Site "Prague CZE"]
[Date "2012.08.22"]
[Round "6.33"]
[White "Goian,Valeria"]
[Black "Jacimovic,Sa"]
[Result "0-1"]
[WhiteElo "1411"]
[BlackElo "1933"]

1.d4 Nf6 2.c4 Nc6 3.Nc3 e5 4.d5 Ne7 5.g3 d6 6.Bg2 g6 7.Nf3 Bg7 8.e4 O-O 9.O-O Nd7
10.b4 a5 11.Ba3 axb4 12.Bxb4 f5 13.Ng5 Nf6 14.Ne6 Bxe6 15.dxe6 c5 16.Bxc5 dxc5
17.exf5 gxf5 18.Qxd8 Rfxd8 19.Bxb7 Rab8 20.Rab1 Rd4 21.Ba6 Ra8 22.Bb5 Rd6
23.Na4 Ne4 24.Rfe1 Nd2 25.Rbd1 Nf3+ 26.Kf1 Rxe6 27.Re2 Rh6 28.h4 Nd4 29.Red2 Rc8
30.Nc3 f4 31.a4 fxg3 32.fxg3 Nef5 33.Ne4 Ne3+  0-1

[Event "2nd Isthmia Open A"]
[Site "Korinthia GRE"]
[Date "2012.08.23"]
[Round "7.7"]
[White "Adhiban,Baskaran"]
[Black "Vafiadis,K"]
[Result "1-0"]
[WhiteElo "2553"]
[BlackElo "2317"]

1.d4 Nf6 2.c4 Nc6 3.Nf3 d6 4.Nc3 e5 5.d5 Ne7 6.e4 g6 7.Be2 Bg7 8.O-O Nh5
9.g3 Bg4 10.b4 O-O 11.c5 h6 12.Nh4 Bh3 13.Ng2 Qd7 14.Qa4 Qxa4 15.Nxa4 f5
16.f3 Nf6 17.Nc3 g5 18.Bd2 g4 19.fxg4 Nxg4 20.Nb5 dxc5 21.Nxc7 Rac8 22.Ne6 Rf6
23.d6 cxb4 24.d7 Rb8 25.d8=Q+ Rxd8 26.Nxd8 Rd6 27.Bxb4 Rxd8 28.Bxg4  1-0

[Event "40th Olympiad Women"]
[Site "Istanbul TUR"]
[Date "2012.08.29"]
[Round "2.27"]
[White "Pavlidou,E"]
[Black "Partac,E"]
[Result "0-1"]
[WhiteElo "2237"]
[BlackElo "2102"]

1.d4 Nf6 2.c4 Nc6 3.Nf3 e6 4.Nc3 Bb4 5.Qc2 h6 6.Bd2 d5 7.e3 O-O 8.a3 Bxc3
9.Bxc3 Ne4 10.Bd3 Nxc3 11.Qxc3 Re8 12.O-O a6 13.Rac1 Bd7 14.Rfd1 Ne7 15.Ne5 c6
16.c5 f6 17.Nf3 Rf8 18.Qc2 Be8 19.h3 Bh5 20.g4 Bf7 21.h4 Qd7 22.Kf1 e5 23.dxe5 Qxg4
24.Be2 Bg6 25.Qc3 Be4 26.Nd2 Qg2+ 27.Ke1 fxe5 28.Nxe4 dxe4 29.Bc4+ Kh8 30.Rc2 Qg1+
31.Bf1 Nd5 32.Rxd5 cxd5 33.Qxe5 Rad8 34.Qd4 Rf5 35.b4 Rdf8 36.Qd2 Rf3 37.Qe2 d4
38.exd4 e3  0-1

[Event "9th LGA Premium Cup"]
[Site "Nuernberg GER"]
[Date "2012.09.07"]
[Round "3.53"]
[White "Klyszcz,M"]
[Black "Promyshlyanskiy,V"]
[Result "0-1"]
[WhiteElo "2023"]
[BlackElo "2245"]

1.d4 Nf6 2.c4 Nc6 3.Nf3 e6 4.g3 Bb4+ 5.Bd2 Qe7 6.Nc3 d6 7.Bg2 Bxc3 8.Bxc3 Ne4
9.Rc1 O-O 10.O-O a5 11.a3 Nxc3 12.Rxc3 a4 13.d5 Nd8 14.Qc2 Ra5 15.h4 e5 16.h5 b6
17.Nh4 Qg5 18.f4 exf4 19.Rxf4 Qxh5 20.Bf3 Qg5 21.Be4 g6 22.Kf2 Bg4 23.Qd1 Ra8
24.Bc2 Qh5 25.Qd4 f5 26.Re3 Nf7 27.Qf6 Ng5  0-1

[Event "9th LGA Premium Cup"]
[Site "Nuernberg GER"]
[Date "2012.09.08"]
[Round "5.23"]
[White "Bluebaum,M"]
[Black "Promyshlyanskiy,V"]
[Result "1-0"]
[WhiteElo "2433"]
[BlackElo "2245"]

1.d4 Nf6 2.c4 Nc6 3.Nf3 e6 4.Nc3 Bb4 5.Qc2 d6 6.Bd2 e5 7.dxe5 dxe5 8.O-O-O Bxc3
9.Bxc3 Qe7 10.e3 Bg4 11.h3 Bh5 12.Qb3 Rb8 13.g4 Bg6 14.Nh4 Ne4 15.Nxg6 hxg6
16.Bg2 f5 17.Bxe4 fxe4 18.Qc2 Nb4 19.Bxb4 Qxb4 20.a3 Qe7 21.Qxe4 O-O 22.Rd2 Qf6
23.Rhd1 Rf7 24.Kb1 b6 25.Rd5 Re8 26.f4 Rfe7 27.Rd8 Qf8 28.Rxe8 Qxe8 29.f5 gxf5
30.gxf5 a5 31.Rd5 a4 32.Qd3 e4 33.Qd1 Kh7 34.Qg4 Qf7 35.f6 Re6 36.Qh4+ Kg8
37.Rd8+ Re8 38.Rxe8+ Qxe8 39.Qg3 Qd7 40.Qxg7+ Qxg7 41.fxg7 c5 42.Kc2 Kxg7
43.Kd2 Kg6 44.Ke2 Kg5 45.Kf2 Kh4 46.Kg2  1-0

[Event "9th LGA Premium Cup"]
[Site "Nuernberg GER"]
[Date "2012.09.09"]
[Round "7.37"]
[White "Martin,St"]
[Black "Holzhaeuer,M"]
[Result "1/2-1/2"]
[WhiteElo "2166"]
[BlackElo "2274"]

1.d4 Nf6 2.c4 Nc6 3.Nf3 e6 4.g3 d5 5.Bg2 dxc4 6.Qa4 Bb4+ 7.Bd2 Nd5 8.Bxb4 Nxb4
9.O-O Rb8 10.a3 b5 11.Qd1 Nd5 12.e4 Nf6 13.Nc3 O-O 14.e5 Nd7 15.h4 Ne7 16.Ne4 Bb7
17.Nfg5 h6 18.Nh3 c5 19.Nxc5 Bxg2 20.Kxg2 Nxc5 21.dxc5 Qd5+ 22.Qxd5 Nxd5
23.b4 cxb3 24.Rab1 Nc3 25.Rxb3 Ne4 26.Rc1 Nd2 27.Rd3 Nc4 28.Rd7 a6 29.Rcd1 Nxa3
30.Ra7 b4 31.Rxa6 Nc4 32.c6 Rfc8 33.Rd7 Nxe5 34.Rb7 Nc4 35.Raa7 Nd6 36.Rxb8 Rxb8
37.Rd7 Nc8 38.Rb7 Ra8 39.c7 Ra7 40.Rxb4 Rxc7 41.Rb8 Kf8 42.Nf4 Ke7 43.Nh5 g6
44.Nf4 Kf6 45.Nd3 Nd6 46.Rd8 Nf5 47.Nf4 Ne7 48.Ra8 Rd7 49.Ne2 Nd5 50.Ra5 Rb7
51.Ra2 Rb4 52.Rd2 g5 53.hxg5+ hxg5 54.f3 g4 55.fxg4 Rxg4 56.Rd3 Ke5 57.Kf3 f5
58.Ra3 Rb4 59.Rd3 Nb6 60.Re3+ Re4 61.Nc1 Rxe3+ 62.Kxe3 Nd5+ 63.Kf3 Kd4 64.Ne2+ Kd3
65.Nc1+ Kd2 66.Nb3+ Kc3 67.Nc5 e5 68.Ke2 e4 69.g4 Kc4 70.Nd7 f4 71.g5 Ne7
72.Nf8 f3+ 73.Ke3 Nf5+ 74.Kf2 Kd3 75.Ne6 Nh4 76.Nf4+ Kd4 77.Ne6+  1/2-1/2

[Event "3rd Livigno Open A"]
[Site "Livigno ITA"]
[Date "2012.09.11"]
[Round "2.19"]
[White "Franciosi,F"]
[Black "Codenotti,M"]
[Result "0-1"]
[WhiteElo "2074"]
[BlackElo "2334"]

1.d4 Nf6 2.c4 Nc6 3.Nf3 e6 4.a3 d6 5.Nc3 g6 6.e4 Bg7 7.Be2 O-O 8.O-O Re8
9.Be3 e5 10.d5 Nd4 11.Nxd4 exd4 12.Bxd4 Nxe4 13.Bxg7 Kxg7 14.Nxe4 Rxe4 15.Bd3 Rd4
16.Qc2 c6 17.Be4 c5 18.Rad1 Rxd1 19.Rxd1 f5 20.Bd3 Bd7 21.Re1 Qf6 22.Qc3 Re8
23.Qxf6+ Kxf6 24.Rxe8 Bxe8 25.f4 Ba4 26.Kf2 Bb3 27.g3 Ke7 28.Ke3 b5 29.Be2 bxc4
30.Bf3 Bc2 31.Be2 Bb3 32.Bf3 c3 33.bxc3 Bc4 34.h4 h5 35.Kd2 Kd7 36.Kc2 Kc7
37.Kb2 Kb6 38.a4 Ka5 39.Ka3 Bd3 40.Bd1 c4 41.Kb2 Kb6 42.Kc1 a5 43.Kd2 Kc5
44.Bf3 Be4 45.Bxe4 fxe4 46.Ke2 Kxd5 47.Ke3 Ke6 48.Kxe4 d5+ 49.Ke3 Kd7 50.Kd2 Kd6
51.Ke2 Kc5 52.Ke3 d4+ 53.cxd4+ Kd5 54.g4 hxg4 55.f5 gxf5 56.h5 f4+ 57.Ke2 f3+
58.Kf2 c3 59.h6 c2 60.h7 c1=Q 61.h8=Q Qg5 62.Qe8 Kxd4 63.Qd7+ Ke4 64.Qe6+ Kf4
65.Qc4+ Kf5 66.Qd5+ Kg6 67.Qg8+ Kh5 68.Qh7+ Qh6 69.Qf5+ Kh4 70.Qxa5 Qf6 71.Qc7 Qd4+
72.Ke1 Qe4+ 73.Kd2 Kh3 74.Qc5 Kg2  0-1

[Event "Skovbo GM Open 2012"]
[Site "Borup DEN"]
[Date "2012.09.14"]
[Round "1.10"]
[White "Lindgren,P"]
[Black "Mikkelsen,N"]
[Result "0-1"]
[WhiteElo "2256"]
[BlackElo "2425"]

1.d4 Nf6 2.c4 Nc6 3.Nf3 e6 4.g3 d5 5.Bg2 dxc4 6.Qa4 Bb4+ 7.Bd2 Nd5 8.Bxb4 Nxb4
9.Na3 a6 10.Ne5 Bd7 11.Nxc6 Bxc6 12.Qxb4 Bxg2 13.Rg1 Bc6 14.Qxc4 Qf6 15.f3 Qh6
16.Rh1 O-O 17.Kf2 Rad8 18.Rad1 Rd7 19.Qc3 e5 20.Nc4 e4 21.Ne5 Rd6 22.Nxc6 Rxc6
23.Qe3 Qxe3+ 24.Kxe3 exf3 25.exf3 Re8+ 26.Kd3 Rce6 27.Rhf1 Kf8 28.Rf2 Rd8
29.Rc1 Rd7 30.Rd2 Ke8 31.b4 Rde7 32.f4 Re3+ 33.Kc2 Kd7 34.Kb2 Kd6 35.Rc5 R7e4
36.a3 Re2 37.Rcc2 Rxd2 38.Rxd2 Kd5 39.Kc3 b5 40.Rd3 Re2 41.Rd1 f6 42.Rc1 Rxh2
43.Kd3 Rg2 44.Rc5+ Kd6 45.Ke4 Rxg3 46.Rd5+ Kc6 47.Rc5+ Kb7 48.Kd5 Re3 49.f5 h5
50.Rc1 h4 51.Rg1 Rg3 52.Rh1 h3 53.Ke6 Rxa3 54.d5 Kb6 55.Rc1 Rd3 56.Rc6+ Kb7
57.Rc2 Kc8 58.Ra2 Rd4 59.Rxa6 Rxb4 60.Kf7 Rg4  0-1

[Event "1st Simon Bolivar Open 2012"]
[Site "San Cristobal VEN"]
[Date "2012.09.25"]
[Round "1.25"]
[White "Blanco Ronquillo,H"]
[Black "Joseph,M"]
[Result "0-1"]
[WhiteElo "2430"]
[BlackElo "2191"]

1.d4 Nf6 2.c4 Nc6 3.Nf3 e6 4.Nc3 Bb4 5.Qc2 O-O 6.a3 Bxc3+ 7.Qxc3 d5 8.e3 Ne4
9.Qc2 f5 10.Bd3 a5 11.b3 Rf6 12.Bb2 Bd7 13.O-O-O a4 14.b4 Nxb4 15.axb4 a3
16.Ba1 Ba4 17.Qa2 Qe7 18.c5 Bxd1 19.Rxd1 Qe8 20.Ne5 Rh6 21.h3 Qh5 22.f3 Nf6
23.Bf1 Qe8 24.Rd3 Qa4 25.Rb3 g5 26.Bc3 g4 27.Be1 gxh3 28.gxh3 Qxb3 29.Qxb3 a2
30.Bc3 a1=Q+ 31.Bxa1 Rxa1+ 32.Kb2 Rxf1 33.Qa4 Rxh3 34.Qa8+ Kg7 35.Qd8 Rh2+
36.Kb3 Rb1+ 37.Ka4 Ra2+ 38.Kb5 c6+ 39.Kb6 Rxb4+ 40.Kc7 Nh5 41.Qg5+ Kf8 42.Qxh5  0-1

[Event "TCh-SRB Prem w 2012"]
[Site "Valjevo SRB"]
[Date "2012.09.25"]
[Round "9.5"]
[White "Milivojevic,Jelena"]
[Black "Maksimovic,S"]
[Result "0-1"]
[WhiteElo "1979"]
[BlackElo "2223"]

1.d4 Nf6 2.c4 Nc6 3.g3 e5 4.d5 Bb4+ 5.Bd2 Bxd2+ 6.Nxd2 Nb8 7.Bg2 d6 8.e4 O-O
9.Ne2 a5 10.O-O c6 11.b3 Na6 12.a3 Bg4 13.h3 Bxe2 14.Qxe2 Nd7 15.Rab1 Qe7
16.b4 g6 17.g4 axb4 18.axb4 c5 19.bxc5 Naxc5 20.Ra1 Ra6 21.Rxa6 bxa6 22.Qe3 Rb8
23.Ra1 Qd8 24.Bf3 Rb2 25.Bd1 Qb6 26.Qc3 Kg7 27.g5 h6 28.h4 hxg5 29.hxg5 Qb4
30.Qxb4 Rxb4 31.Kf1 Nf8 32.Ra3 Nh7 33.Rg3 Rb2 34.Ke2 Nxe4 35.Kd3 Nxg3 36.fxg3 Nxg5
37.g4 Kf8 38.Ba4 Ke7 39.Bc6 f5 40.gxf5 gxf5  0-1

[Event "TCh-Central SRB 2012"]
[Site "Vrnjacka Banja SRB"]
[Date "2012.09.30"]
[Round "2.3"]
[White "Pantelic,Sa"]
[Black "Rusev,K"]
[Result "0-1"]
[WhiteElo "2328"]
[BlackElo "2544"]

1.d4 Nf6 2.c4 Nc6 3.Nf3 e6 4.Nc3 Bb4 5.e3 d6 6.Bd3 e5 7.dxe5 dxe5 8.Qc2 Qe7
9.Nd2 Bxc3 10.bxc3 Bg4 11.O-O O-O-O 12.Ne4 Bh5 13.Ng3 Bg6 14.Bf5+ Kb8 15.Qa4 Bxf5
16.Nxf5 Qd7 17.Ng3 e4 18.Ba3 Ne5 19.Qb3 Qc6 20.Be7 Rd7 21.Bxf6 Qxf6 22.Nxe4 Qc6
23.Ng3 Nxc4 24.Rfd1 Nd2 25.Qc2 Rhd8 26.Nf1 Qg6 27.Qa4 Qe4 28.Qxe4 Nxe4 29.Rxd7 Rxd7
30.Rc1 Rd3 31.f3 Nxc3 32.Rc2 b5 33.Kf2 c5 34.e4 Kb7 35.Ne3 c4 36.Nf5 Kb6
37.Nxg7 b4 38.Ke1 b3 39.axb3 cxb3 40.Rb2 Rd1+  0-1

[Event "TCh-CHN 2012"]
[Site "Hangzhou CHN"]
[Date "2012.10.06"]
[Round "15"]
[White "Zhou Jianchao"]
[Black "Ma,Zhonghan"]
[Result "1-0"]
[WhiteElo "2625"]
[BlackElo "2369"]

1.d4 Nf6 2.c4 Nc6 3.Nf3 d6 4.d5 Ne5 5.Nxe5 dxe5 6.g3 e6 7.Bg2 Bc5 8.O-O O-O
9.Qc2 exd5 10.cxd5 Bd4 11.e3 Bb6 12.Nc3 Re8 13.a4 a5 14.b3 Bg4 15.h3 Bh5
16.Ba3 Qd7 17.Qd3 Rad8 18.Qb5 e4 19.d6 Qxb5 20.axb5 cxd6 21.g4 Bg6 22.Rfd1 Bc7
23.g5 Nd7 24.Bxd6 Bxd6 25.Rxd6 Nc5 26.Rxd8 Rxd8 27.Rxa5 Nxb3 28.Ra4 Nc5 29.Rc4 b6
30.Nxe4 Rd1+ 31.Kh2 Bxe4 32.Bxe4 g6 33.Bc6 Kg7 34.Kg2 Rd2 35.h4 h6 36.Rd4 Rb2
37.Kg3 hxg5 38.hxg5 Rb1 39.f4 Rb3 40.Kf3 Rc3 41.Rd6 Rb3 42.Rf6 Ne6 43.Bd5 Rxb5
44.Bxe6 fxe6 45.Rxe6 Rb4 46.Re7+ Kf8 47.Rb7 b5 48.e4 Rb3+ 49.Kf2 Rb2+ 50.Ke3 b4
51.Kd4 b3 52.Ke5 Ke8 53.Kf6 Rf2 54.f5 gxf5 55.exf5 b2 56.g6  1-0

[Event "TATA 50th ch-IND National Premier 2012"]
[Site "Kolkata IND"]
[Date "2012.10.14"]
[Round "13.18"]
[White "Sundararajan,K"]
[Black "Ram,S"]
[Result "1-0"]
[WhiteElo "2450"]
[BlackElo "2303"]

1.c4 Nf6 2.d4 Nc6 3.Nc3 e6 4.Nf3 Bb4 5.e3 O-O 6.Bd3 Bxc3+ 7.bxc3 d6 8.O-O e5
9.Nd2 Qe7 10.Qc2 exd4 11.exd4 Re8 12.Nf3 Bg4 13.Nh4 Be2 14.Nf5 Qe6 15.d5 Bxd3
16.Qxd3 Ne5 17.Qc2 Qd7 18.Bg5 Nh5 19.Rae1 f6 20.Bc1 g6 21.Nh6+ Kg7 22.f4 Ng4
23.Nxg4 Qxg4 24.Be3 Re7 25.h3 Qf5 26.Qxf5 gxf5 27.Kf2 Rae8 28.g3 b6 29.Kf3 Re4
30.Bf2 Kf7 31.Rxe4 Rxe4 32.Bd4 Re8 33.g4 Ng7 34.Rg1 fxg4+ 35.hxg4 f5 36.Bxg7 Kxg7
37.gxf5+ Kf6 38.Rh1 Kg7 39.f6+ Kg6 40.Kg4 Rh8 41.f5+ Kxf6 42.Rh6+ Kg7 43.Kg5 Re8
44.Re6 Rf8 45.f6+ Kg8 46.Kf5 Rf7 47.Re8+  1-0

[Event "BSF GM Cup 2012"]
[Site "Copenhagen DEN"]
[Date "2012.10.16"]
[Round "9.4"]
[White "Hagen,Andr"]
[Black "Glud,J"]
[Result "1-0"]
[WhiteElo "2416"]
[BlackElo "2520"]

1.d4 Nf6 2.c4 Nc6 3.Nf3 e6 4.g3 Bb4+ 5.Bd2 Qe7 6.Nc3 d6 7.d5 Bxc3 8.Bxc3 Nb8
9.Bg2 O-O 10.O-O Nbd7 11.dxe6 fxe6 12.b4 e5 13.Nd2 e4 14.Nxe4  1-0

[Event "NIT Nagpur GM Open 2012"]
[Site "Nagpur IND"]
[Date "2012.10.16"]
[Round "1.8"]
[White "Thapa,K"]
[Black "Abdulla,AlR"]
[Result "1/2-1/2"]
[WhiteElo "2031"]
[BlackElo "2513"]

1.d4 Nf6 2.c4 Nc6 3.Nf3 e6 4.Nc3 Bb4 5.Qc2 d6 6.a3 Bxc3+ 7.Qxc3 a5 8.Bg5 h6
9.Bxf6 Qxf6 10.d5 Qxc3+ 11.bxc3 Nb8 12.e4 Na6 13.Bd3 e5 14.h3 O-O 15.g4 Bd7
16.Rg1 Rab8 17.Rb1 g6 18.Kd2 Nc5 19.Bc2 Kg7 20.Ke3 Kf6 21.Ne1 b5 22.cxb5 Bxb5
23.Nd3 Bxd3 24.Bxd3 Na4 25.Kd2 Kg5 26.Bb5 Nc5 27.Ke3 Kh4 28.a4 Rb6 29.f4 exf4+
30.Kxf4 f6 31.Rbf1 Rxb5 32.axb5 Re8 33.Rb1 Rxe4+ 34.Kf3 Rc4 35.Rgc1 Nd7 36.Ke2 Kxh3
37.Rh1+ Kxg4 38.Rxh6 g5 39.Rh7 Nb6 40.Ra1 a4 41.Kd3 Rc5 42.c4 Nxc4 43.Rxa4 Kf5
44.Rxc4 Rxd5+ 45.Ke3 Rxb5 46.Rhxc7 d5 47.R7c5 Rb3+ 48.Rc3 Rxc3+ 49.Rxc3 Ke5
50.Rc8 g4 51.Rg8 d4+ 52.Kd3 f5 53.Re8+ Kf4 54.Kxd4 g3 55.Rg8 Kf3 56.Ke5 f4
57.Rf8 g2 58.Rxf4+ Kg3 59.Rf8 g1=Q 60.Rg8+ Kf2 61.Rxg1 Kxg1  1/2-1/2

[Event "NIT Nagpur GM Open 2012"]
[Site "Nagpur IND"]
[Date "2012.10.17"]
[Round "3.17"]
[White "Chatterjee,D"]
[Black "Abdulla,AlR"]
[Result "0-1"]
[WhiteElo "2318"]
[BlackElo "2513"]

1.d4 Nf6 2.c4 Nc6 3.Nf3 d6 4.Nc3 e5 5.d5 Nb8 6.e4 Be7 7.Be2 O-O 8.O-O c5
9.Ne1 Ne8 10.f4 exf4 11.Bxf4 Bf6 12.Nd3 Nd7 13.Bg4 Qe7 14.Bxd7 Bxd7 15.Qf3 Rd8
16.Rae1 Bxc3 17.bxc3 f6 18.Rb1 Bc8 19.Bg3 Nc7 20.Nf4 b6 21.a4 Ba6 22.Qd3 Qd7
23.Ra1 Rfe8 24.a5 b5 25.cxb5 Nxb5 26.c4 Nc7 27.Ne2 Rb8 28.Rfb1 Rxb1+ 29.Rxb1 Qa4
30.Nc3 Bxc4 31.Nxa4 Bxd3 32.Rb7 Nb5 33.e5 fxe5 34.Nb2 e4 35.Bf4 a6 36.Rb6 c4  0-1

[Event "Copenhagen Cup IMA 2012"]
[Site "Copenhagen DEN"]
[Date "2012.10.21"]
[Round "8.1"]
[White "Kvisvik,B"]
[Black "Teplyi,I"]
[Result "0-1"]
[WhiteElo "2342"]
[BlackElo "2386"]

1.d4 Nf6 2.c4 Nc6 3.Nf3 e6 4.g3 Bb4+ 5.Bd2 Qe7 6.Bg2 Bxd2+ 7.Nbxd2 O-O 8.O-O d6
9.e4 e5 10.d5 Nb8 11.b4 a5 12.a3 Na6 13.Ne1 Bd7 14.Nd3 c6 15.Re1 Qd8 16.Nb3 cxd5
17.exd5 b6 18.Nd2 Re8 19.Rc1 Ra7 20.Qb3 Qb8 21.Qb1 Rc7 22.Rc2 Qa7 23.Rb2 Bf5
24.c5 dxc5 25.b5 c4 26.Nxc4 Nc5 27.Bf1 Nxd3 28.Bxd3 Rxc4 29.Bxf5 g6 30.Be4 Qe7
31.d6 Qxd6 32.Bc6 Re7 33.Rb3 Kg7 34.Qb2 Rd4 35.Rbe3 Ng4 36.R3e2 h5 37.Kg2 Nf6
38.h3 h4 39.g4 Nh7 40.Re4 Rd2 41.Qc3 Rd3 42.Qb2 f6 43.R4e3 Rd2 44.Qc3 Ng5
45.R1e2 Rd4 46.Rc2 Ne6 47.Be4 Rc7 48.Qb2 Rxc2 49.Bxc2 Rd2 50.Qc3 Nf4+ 51.Kg1 Ne2+
52.Rxe2 Rxe2 53.g5 fxg5 54.Qc4 Re1+ 55.Kg2 Rc1 56.Qe4 Qf6 57.Bb3 Rc7 58.Qd5 Kh6
59.Bd1 Rf7 60.Bf3 g4 61.hxg4 Qxf3+  0-1